|
|
|
|
| LEADER |
00000nab a2200000 a 4500 |
| 001 |
vtls009350860 |
| 003 |
SK-MaSNL |
| 005 |
20260426085041.0 |
| 008 |
250506c1974 xo |r|p|||||||000 b|slo |
| 015 |
|
|
|a SNBRB1974
|
| 035 |
|
|
|a (uuid)03b9184c-4ffa-4089-ba34-506b180e3be5
|
| 035 |
|
|
|a urn:nbn:sk:snk-ab1sqh
|
| 035 |
|
|
|a (urnnbn)urn:nbn:sk:snk:ar-a00lma
|
| 038 |
|
|
|a SNKBUCL
|
| 040 |
|
|
|a SNKBUCL
|b slo
|c SNKBUCL
|e AACR2
|
| 041 |
0 |
|
|a slo
|
| 044 |
|
|
|a xo
|c SK
|
| 080 |
|
|
|a 792
|2 1997
|
| 245 |
0 |
0 |
|a Dve jubileá
|c [autor] (vš)
|
| 610 |
2 |
7 |
|a Divadlo Slovenského národného povstania
|2 snkbucl
|9 232430
|
| 610 |
2 |
7 |
|a Divadlo Jonáša Záborského
|2 snkbucl
|9 29722
|
| 648 |
|
7 |
|a 30. výr. založenia
|2 snkbucl
|9 1047646
|
| 651 |
|
7 |
|a Martin (Slovensko)
|2 snkbucl
|9 16875
|
| 651 |
|
7 |
|a Prešov (Slovensko)
|2 snkbucl
|9 17347
|
| 773 |
0 |
|
|t Javisko
|g Roč. 6, č. 1 (1974), s. 3
|
| 850 |
|
|
|a Slovenská národná knižnica
|
| 852 |
|
|
|a Slovenská národná knižnica
|
| 954 |
|
|
|a odborná, vedecká literatúra pôvodná (slovenská)
|2 lita
|
| 958 |
|
|
|a article27
|
| 958 |
|
|
|a OND
|
| 958 |
|
|
|a SK
|
| 958 |
|
|
|a EUIPO
|
| 999 |
|
|
|c 2952048
|d 2953978
|